[Event "26th 4NCL Congress"]
[Site "Woodland Grange, Leamington Spa"]
[Date "2021.09.12"]
[Round "4"]
[Board "4"]
[White "Tiruchirapalli, Venkataramanan"]
[Black "Sowray, Peter J"]
[Result "1-0"]
[WhiteElo "2328"]
[BlackElo "2298"]
[PlyCount "0"]
[EventDate "2021.09.10"]
[EventRounds "5"]
[EventCountry "ENG"]

1. e4 {[%clk 01:30:54]} {[%emt 00:00:05]} e5 {[%clk 01:30:51]} {[%emt
00:00:10]} 2. Nf3 {[%clk 01:31:16]} {[%emt 00:00:07]} Nc6 {[%clk 01:31:17]}
{[%emt 00:00:05]} 3. Bb5 {[%clk 01:31:36]} {[%emt 00:00:09]} a6 {[%clk
01:31:33]} {[%emt 00:00:14]} 4. Ba4 {[%clk 01:32:00]} {[%emt 00:00:06]} Nf6
{[%clk 01:31:41]} {[%emt 00:00:21]} 5. O-O {[%clk 01:32:21]} {[%emt 00:00:10]}
Be7 {[%clk 01:32:05]} {[%emt 00:00:07]} 6. Re1 {[%clk 01:32:45]} {[%emt
00:00:05]} b5 {[%clk 01:32:27]} {[%emt 00:00:09]} 7. Bb3 {[%clk 01:33:05]}
{[%emt 00:00:10]} d6 {[%clk 01:32:51]} {[%emt 00:00:05]} 8. c3 {[%clk
01:33:22]} {[%emt 00:00:13]} O-O {[%clk 01:33:15]} {[%emt 00:00:07]} 9. h3
{[%clk 01:33:48]} {[%emt 00:00:03]} Nb8 {[%clk 01:33:38]} {[%emt 00:00:07]} 10.
d4 {[%clk 01:34:01]} {[%emt 00:00:17]} Nbd7 {[%clk 01:34:00]} {[%emt 00:00:08]}
11. Nbd2 {[%clk 01:33:19]} {[%emt 00:01:12]} Bb7 {[%clk 01:33:40]} {[%emt
00:00:51]} 12. Bc2 {[%clk 01:31:38]} {[%emt 00:02:10]} Re8 {[%clk 01:33:59]}
{[%emt 00:00:11]} 13. Nf1 {[%clk 01:31:03]} {[%emt 00:01:05]} Bf8 {[%clk
01:34:19]} {[%emt 00:00:10]} 14. Ng3 {[%clk 01:31:05]} {[%emt 00:00:27]} g6
{[%clk 01:34:40]} {[%emt 00:00:09]} 15. Bg5 {[%clk 01:30:44]} {[%emt 00:00:51]}
h6 {[%clk 01:29:23]} {[%emt 00:05:48]} 16. Bd2 {[%clk 01:27:58]} {[%emt
00:03:15]} Bg7 {[%clk 01:29:38]} {[%emt 00:00:16]} 17. a4 {[%clk 01:26:46]}
{[%emt 00:01:43]} Nb6 {[%clk 01:29:11]} {[%emt 00:00:57]} 18. axb5 {[%clk
01:24:04]} {[%emt 00:03:12]} axb5 {[%clk 01:28:49]} {[%emt 00:00:51]} 19. b3
{[%clk 01:21:37]} {[%emt 00:02:56]} Qd7 {[%clk 01:10:55]} {[%emt 00:18:25]} 20.
Rxa8 {[%clk 01:18:16]} {[%emt 00:03:52]} Bxa8 {[%clk 01:11:16]} {[%emt
00:00:09]} 21. Qc1 {[%clk 01:11:30]} {[%emt 00:07:14]} Kh7 {[%clk 01:10:56]}
{[%emt 00:00:51]} 22. Nh4 {[%clk 01:09:01]} {[%emt 00:02:58]} d5 {[%clk
00:54:23]} {[%emt 00:17:05]} 23. Ngf5 {[%clk 01:00:02]} {[%emt 00:09:28]} gxf5
{[%clk 00:41:25]} {[%emt 00:13:28]} 24. Nxf5 {[%clk 00:59:41]} {[%emt
00:00:51]} dxe4 {[%clk 00:41:24]} {[%emt 00:00:31]} 25. Nxg7 {[%clk 00:59:45]}
{[%emt 00:00:25]} Kxg7 {[%clk 00:41:11]} {[%emt 00:00:44]} 26. Bxh6+ {[%clk
00:58:46]} {[%emt 00:01:29]} Kh7 {[%clk 00:40:32]} {[%emt 00:01:09]} 27. Qg5
{[%clk 00:55:05]} {[%emt 00:04:11]} Rg8 {[%clk 00:40:41]} {[%emt 00:00:22]} 28.
Qxf6 {[%clk 00:48:39]} {[%emt 00:06:55]} Rg6 {[%clk 00:40:40]} {[%emt
00:00:30]} 29. Qxe5 {[%clk 00:48:09]} {[%emt 00:01:01]} Qxh3 {[%clk 00:23:09]}
{[%emt 00:18:02]} 30. Bg5 {[%clk 00:45:44]} {[%emt 00:02:54]} Qg4 {[%clk
00:23:32]} {[%emt 00:00:08]} 31. Qh2+ {[%clk 00:39:05]} {[%emt 00:07:08]} Kg8
{[%clk 00:23:57]} {[%emt 00:00:05]} 32. Bf4 {[%clk 00:34:50]} {[%emt 00:04:42]}
Nd5 {[%clk 00:17:02]} {[%emt 00:07:29]} 33. Be5 {[%clk 00:32:51]} {[%emt
00:02:27]} Nf6 {[%clk 00:17:29]} {[%emt 00:00:04]} 34. Bxf6 {[%clk 00:26:05]}
{[%emt 00:07:16]} Rxf6 {[%clk 00:17:50]} {[%emt 00:00:08]} 35. Re3 {[%clk
00:24:40]} {[%emt 00:01:55]} Rf3 {[%clk 00:17:19]} {[%emt 00:01:01]} 36. Rxf3
{[%clk 00:19:25]} {[%emt 00:05:46]} exf3 {[%clk 00:17:46]} {[%emt 00:00:03]} 37.
Qh7+ {[%clk 00:16:20]} {[%emt 00:03:35]} Kf8 {[%clk 00:18:15]} {[%emt
00:00:02]} 38. Qh6+ {[%clk 00:15:18]} {[%emt 00:01:31]} Ke7 {[%clk 00:15:58]}
{[%emt 00:02:47]} 39. g3 {[%clk 00:15:38]} {[%emt 00:00:10]} b4 {[%clk
00:15:07]} {[%emt 00:01:22]} 40. cxb4 {[%clk 00:10:19]} {[%emt 00:05:49]} Qxd4
{[%clk 00:15:13]} {[%emt 00:00:22]} 41. Qh4+ {[%clk 00:09:40]} {[%emt
00:01:10]} Qf6 {[%clk 00:15:01]} {[%emt 00:00:43]} 42. Kh2 {[%clk 00:08:22]}
{[%emt 00:01:46]} Bd5 {[%clk 00:14:09]} {[%emt 00:01:22]} 43. Kh3 {[%clk
00:07:51]} {[%emt 00:01:00]} Be6+ {[%clk 00:13:38]} {[%emt 00:01:03]} 44. g4
{[%clk 00:07:56]} {[%emt 00:00:25]} Bd5 {[%clk 00:12:44]} {[%emt 00:01:24]} 45.
Bd1 {[%clk 00:07:17]} {[%emt 00:01:07]} Ke6 {[%clk 00:12:16]} {[%emt 00:01:00]}
46. Qxf6+ {[%clk 00:07:36]} {[%emt 00:00:11]} Kxf6 {[%clk 00:12:43]} {[%emt
00:00:04]} 47. Kg3 {[%clk 00:07:45]} {[%emt 00:00:19]} Kg5 {[%clk 00:13:01]}
{[%emt 00:00:13]} 48. Bxf3 {[%clk 00:07:12]} {[%emt 00:01:03]} Bxb3 {[%clk
00:13:29]} {[%emt 00:00:02]} 49. Be4 {[%clk 00:07:23]} {[%emt 00:00:18]} Kf6
{[%clk 00:11:53]} {[%emt 00:02:07]} 50. Kf4 {[%clk 00:07:22]} {[%emt 00:00:31]}
Ke6 {[%clk 00:11:56]} {[%emt 00:00:27]} 51. g5 {[%clk 00:06:14]} {[%emt
00:01:37]} Bd1 {[%clk 00:11:42]} {[%emt 00:00:44]} 52. Bb1 {[%clk 00:05:37]}
{[%emt 00:01:07]} Bb3 {[%clk 00:11:25]} {[%emt 00:00:47]} 53. Ke4 {[%clk
00:05:24]} {[%emt 00:00:42]} Kd6 {[%clk 00:10:48]} {[%emt 00:01:08]} 54. Kd4
{[%clk 00:04:57]} {[%emt 00:00:57]} Be6 {[%clk 00:10:03]} {[%emt 00:01:16]} 55.
f4 {[%clk 00:05:03]} {[%emt 00:00:24]} Bb3 {[%clk 00:09:10]} {[%emt 00:01:23]}
56. f5 {[%clk 00:04:30]} {[%emt 00:01:03]} Bd5 {[%clk 00:09:10]} {[%emt
00:00:29]} 57. Bd3 {[%clk 00:03:31]} {[%emt 00:01:28]} Bb3 {[%clk 00:07:22]}
{[%emt 00:02:20]} 58. g6 {[%clk 00:03:57]} {[%emt 00:00:04]} fxg6 {[%clk
00:06:26]} {[%emt 00:01:26]} 59. fxg6 {[%clk 00:04:21]} {[%emt 00:00:05]} Kc6
{[%clk 00:05:37]} {[%emt 00:01:20]} 60. Bc4 {[%clk 00:04:09]} {[%emt 00:00:41]}
Bc2 {[%clk 00:06:06]} {[%emt 00:00:02]} 61. g7 {[%clk 00:04:26]} {[%emt
00:00:13]} Bh7 {[%clk 00:06:31]} {[%emt 00:00:05]} 62. Ke5 {[%clk 00:04:36]}
{[%emt 00:00:20]} Kd5 {[%emt 00:01:53]} 63. Ke4+ Kc6+ 64. Ke5  1-0

[Event "26th 4NCL Congress"]
[Site "Woodland Grange, Leamington Spa"]
[Date "2021.09.12"]
[Round "4"]
[Board "5"]
[White "Paterson, Andrew I"]
[Black "Bezuidenhout, Roland"]
[Result "0-1"]
[WhiteElo "2148"]
[BlackElo "2315"]
[PlyCount "0"]
[EventDate "2021.09.10"]
[EventRounds "5"]
[EventCountry "ENG"]

1. g3 {[%clk 01:30:49]} {[%emt 00:00:10]} e5 {[%clk 01:29:58]} {[%emt
00:01:03]} 2. Bg2 {[%clk 01:31:11]} {[%emt 00:00:07]} Nc6 {[%clk 01:30:01]}
{[%emt 00:00:28]} 3. c4 {[%clk 01:30:59]} {[%emt 00:00:42]} Nf6 {[%clk
01:30:17]} {[%emt 00:00:14]} 4. Nc3 {[%clk 01:30:59]} {[%emt 00:00:28]} Bb4
{[%clk 01:30:38]} {[%emt 00:00:10]} 5. Nd5 {[%clk 01:30:08]} {[%emt 00:01:20]}
Bc5 {[%clk 01:30:58]} {[%emt 00:00:12]} 6. d3 {[%clk 01:25:07]} {[%emt
00:05:30]} Nxd5 {[%clk 01:30:36]} {[%emt 00:00:53]} 7. cxd5 {[%clk 01:25:26]}
{[%emt 00:00:10]} Ne7 {[%clk 01:30:53]} {[%emt 00:00:13]} 8. Qc2 {[%clk
01:23:45]} {[%emt 00:02:10]} Bb6 {[%clk 01:26:48]} {[%emt 00:04:36]} 9. a4
{[%clk 01:16:20]} {[%emt 00:07:55]} a5 {[%clk 01:26:50]} {[%emt 00:00:29]} 10.
e3 {[%clk 01:15:35]} {[%emt 00:01:14]} c6 {[%clk 01:26:08]} {[%emt 00:01:13]}
11. dxc6 {[%clk 01:15:47]} {[%emt 00:00:18]} bxc6 {[%clk 01:25:49]} {[%emt
00:00:49]} 12. Ne2 {[%clk 01:16:00]} {[%emt 00:00:16]} O-O {[%clk 01:25:34]}
{[%emt 00:00:45]} 13. O-O {[%clk 01:16:04]} {[%emt 00:00:25]} d5 {[%clk
01:24:58]} {[%emt 00:01:07]} 14. Bd2 {[%clk 01:13:47]} {[%emt 00:02:46]} Ba6
{[%clk 01:24:59]} {[%emt 00:00:30]} 15. Rfe1 {[%clk 01:13:43]} {[%emt
00:00:33]} Rc8 {[%clk 01:24:45]} {[%emt 00:00:45]} 16. b4 {[%clk 01:11:46]}
{[%emt 00:02:26]} axb4 {[%clk 01:23:36]} {[%emt 00:01:41]} 17. Bxb4 {[%clk
01:12:03]} {[%emt 00:00:11]} c5 {[%clk 01:22:06]} {[%emt 00:02:01]} 18. Bd2
{[%clk 01:10:49]} {[%emt 00:01:42]} c4 {[%clk 01:19:35]} {[%emt 00:03:03]} 19.
d4 {[%clk 01:09:07]} {[%emt 00:02:11]} Nc6 {[%clk 01:00:02]} {[%emt 00:20:03]}
20. dxe5 {[%clk 00:56:09]} {[%emt 00:13:28]} Nxe5 {[%clk 00:52:55]} {[%emt
00:07:38]} 21. Bc3 {[%clk 00:56:13]} {[%emt 00:00:24]} Nd3 {[%clk 00:52:56]}
{[%emt 00:00:30]} 22. Reb1 {[%clk 00:55:33]} {[%emt 00:01:09]} Rc6 {[%clk
00:50:45]} {[%emt 00:02:43]} 23. Nd4 {[%clk 00:49:06]} {[%emt 00:06:56]} Rf6
{[%clk 00:49:36]} {[%emt 00:01:40]} 24. Rf1 {[%clk 00:47:38]} {[%emt 00:01:57]}
h5 {[%clk 00:48:26]} {[%emt 00:01:40]} 25. Qe2 {[%clk 00:44:00]} {[%emt
00:04:06]} h4 {[%clk 00:39:22]} {[%emt 00:09:37]} 26. Nf3 {[%clk 00:41:34]}
{[%emt 00:02:54]} hxg3 {[%clk 00:37:28]} {[%emt 00:02:24]} 27. hxg3 {[%clk
00:38:31]} {[%emt 00:03:34]} Rh6 {[%clk 00:37:29]} {[%emt 00:00:30]} 28. Nd4
{[%clk 00:38:07]} {[%emt 00:00:53]} Qg5 {[%clk 00:35:42]} {[%emt 00:02:16]} 29.
Qf3 {[%clk 00:35:34]} {[%emt 00:03:03]} Rh7 {[%clk 00:28:24]} {[%emt 00:07:49]}
30. Rfb1 {[%clk 00:31:43]} {[%emt 00:04:21]} Bxd4 {[%clk 00:28:14]} {[%emt
00:00:41]} 31. Bxd4 {[%clk 00:32:02]} {[%emt 00:00:09]} c3 {[%clk 00:27:27]}
{[%emt 00:01:18]} 32. Rb6 {[%clk 00:31:58]} {[%emt 00:00:33]} Bc4 {[%clk
00:25:55]} {[%emt 00:02:03]} 33. Bxc3 {[%clk 00:31:44]} {[%emt 00:00:44]} f6
{[%clk 00:26:14]} {[%emt 00:00:12]} 34. g4 {[%clk 00:20:30]} {[%emt 00:11:44]}
Ne5 {[%clk 00:24:23]} {[%emt 00:02:21]} 35. Qg3 {[%clk 00:20:00]} {[%emt
00:00:58]} Nxg4 {[%clk 00:20:27]} {[%emt 00:04:28]} 36. Rb8 {[%clk 00:16:53]}
{[%emt 00:03:36]} Rxb8 {[%clk 00:20:12]} {[%emt 00:00:45]} 37. Qxb8+ {[%clk
00:17:17]} {[%emt 00:00:06]} Kf7 {[%clk 00:20:38]} {[%emt 00:00:04]} 38. Qc7+
{[%clk 00:14:18]} {[%emt 00:03:29]} Kg6 {[%clk 00:20:55]} {[%emt 00:00:12]} 39.
Qg3 {[%clk 00:14:42]} {[%emt 00:00:06]} Bd3 {[%clk 00:11:59]} {[%emt 00:09:27]}
40. a5 {[%clk 00:11:04]} {[%emt 00:04:07]} Be4 {[%clk 00:12:24]} {[%emt
00:00:06]} 41. Bxe4+ {[%clk 00:11:15]} {[%emt 00:00:19]} dxe4 {[%clk 00:12:47]}
{[%emt 00:00:07]} 42. a6 {[%clk 00:10:33]} {[%emt 00:01:12]} Qh5 {[%clk
00:08:10]} {[%emt 00:05:08]} 43. Kf1 {[%clk 00:09:58]} {[%emt 00:01:03]} Qb5+
{[%clk 00:07:51]} {[%emt 00:00:50]} 44. Kg1 {[%clk 00:09:46]} {[%emt 00:00:42]}
Qh5 {[%clk 00:08:14]} {[%emt 00:00:07]} 45. Qg2 {[%clk 00:09:34]} {[%emt
00:00:42]} Kf7 {[%clk 00:08:30]} {[%emt 00:00:15]} 46. a7 {[%clk 00:08:43]}
{[%emt 00:01:20]} Nh2 {[%clk 00:08:54]} {[%emt 00:00:06]} 47. a8=Q {[%clk
00:08:07]} {[%emt 00:01:06]} Nf3+ {[%clk 00:09:17]} {[%emt 00:00:07]} 48. Kf1
{[%clk 00:06:31]} {[%emt 00:02:07]} Qb5# {[%emt 00:00:07]}  0-1

[Event "26th 4NCL Congress"]
[Site "Woodland Grange, Leamington Spa"]
[Date "2021.09.12"]
[Round "4"]
[Board "6"]
[White "Gordon, Frederick"]
[Black "Makkar, Rajat"]
[Result "1/2-1/2"]
[WhiteElo "1456"]
[BlackElo "2300"]
[PlyCount "0"]
[EventDate "2021.09.10"]
[EventRounds "5"]
[EventCountry "ENG"]

1. e4 {[%clk 01:30:58]} {[%emt 00:00:02]} e5 {[%clk 01:30:07]} {[%emt
00:00:53]} 2. Nf3 {[%clk 01:31:23]} {[%emt 00:00:05]} Nc6 {[%clk 01:30:20]}
{[%emt 00:00:17]} 3. Bc4 {[%clk 01:31:48]} {[%emt 00:00:06]} Bc5 {[%clk
01:30:29]} {[%emt 00:00:21]} 4. c3 {[%clk 01:32:12]} {[%emt 00:00:06]} Nf6
{[%clk 01:30:41]} {[%emt 00:00:18]} 5. d4 {[%clk 01:32:36]} {[%emt 00:00:06]}
exd4 {[%clk 01:31:05]} {[%emt 00:00:05]} 6. cxd4 {[%clk 01:33:00]} {[%emt
00:00:06]} Bb4+ {[%clk 01:31:28]} {[%emt 00:00:07]} 7. Bd2 {[%clk 01:33:24]}
{[%emt 00:00:06]} Nxe4 {[%clk 01:31:43]} {[%emt 00:00:16]} 8. Bxb4 {[%clk
01:33:47]} {[%emt 00:00:06]} Nxb4 {[%clk 01:32:09]} {[%emt 00:00:05]} 9. Bxf7+
{[%clk 01:34:03]} {[%emt 00:00:13]} Kxf7 {[%clk 01:32:29]} {[%emt 00:00:10]} 10.
Qb3+ {[%clk 01:34:24]} {[%emt 00:00:10]} Kf8 {[%clk 01:32:44]} {[%emt
00:00:14]} 11. Qxb4+ {[%clk 01:34:47]} {[%emt 00:00:09]} Qe7 {[%clk 01:33:05]}
{[%emt 00:00:08]} 12. Qxe7+ {[%clk 01:35:10]} {[%emt 00:00:06]} Kxe7 {[%clk
01:33:27]} {[%emt 00:00:08]} 13. Nbd2 {[%clk 01:34:31]} {[%emt 00:01:09]} Nf6
{[%clk 01:33:17]} {[%emt 00:00:40]} 14. O-O-O {[%clk 01:34:02]} {[%emt
00:01:00]} d6 {[%clk 01:31:59]} {[%emt 00:01:47]} 15. Rhe1+ {[%clk 01:32:56]}
{[%emt 00:01:35]} Kd8 {[%clk 01:32:06]} {[%emt 00:00:24]} 16. h3 {[%clk
01:29:21]} {[%emt 00:04:05]} Rf8 {[%clk 01:22:33]} {[%emt 00:10:02]} 17. Nc4
{[%clk 01:22:42]} {[%emt 00:07:10]} Nd5 {[%clk 01:15:57]} {[%emt 00:07:05]} 18.
Ne3 {[%clk 01:19:28]} {[%emt 00:03:45]} Nf4 {[%clk 01:08:54]} {[%emt 00:07:32]}
19. Ng1 {[%clk 01:14:35]} {[%emt 00:05:24]} Be6 {[%clk 01:00:58]} {[%emt
00:08:25]} 20. g3 {[%clk 01:13:28]} {[%emt 00:01:38]} Nd5 {[%clk 01:00:18]}
{[%emt 00:01:10]} 21. f4 {[%clk 01:13:09]} {[%emt 00:00:50]} g6 {[%clk
00:55:29]} {[%emt 00:05:18]} 22. Nxd5 {[%clk 01:11:41]} {[%emt 00:01:57]} Bxd5
{[%clk 00:55:58]} {[%emt 00:00:03]} 23. Re3 {[%clk 01:12:03]} {[%emt 00:00:08]}
Kd7 {[%clk 00:45:46]} {[%emt 00:10:42]} 24. Rde1 {[%clk 01:12:17]} {[%emt
00:00:16]} Rae8 {[%clk 00:46:07]} {[%emt 00:00:08]} 25. Rxe8 {[%clk 01:12:26]}
{[%emt 00:00:21]} Rxe8 {[%clk 00:46:35]} {[%emt 00:00:02]} 26. Rxe8 {[%clk
01:12:52]} {[%emt 00:00:05]} Kxe8 {[%clk 00:46:59]} {[%emt 00:00:06]} 27. a3
{[%clk 01:13:11]} {[%emt 00:00:11]} Bg2 {[%clk 00:42:21]} {[%emt 00:05:07]} 28.
Kd2 {[%clk 01:10:55]} {[%emt 00:02:47]} Ke7 {[%clk 00:41:24]} {[%emt 00:01:26]}
29. Ke3 {[%clk 01:09:23]} {[%emt 00:02:02]} Ke6 {[%clk 00:34:27]} {[%emt
00:07:26]} 30. g4 {[%clk 01:04:06]} {[%emt 00:05:48]} c5 {[%clk 00:31:05]}
{[%emt 00:03:51]} 31. dxc5 {[%clk 01:03:38]} {[%emt 00:00:59]} dxc5 {[%clk
00:31:34]} {[%emt 00:00:01]} 32. h4 {[%clk 01:01:41]} {[%emt 00:02:28]} h5
{[%clk 00:28:19]} {[%emt 00:03:45]} 33. f5+ {[%clk 00:58:39]} {[%emt 00:03:32]}
gxf5 {[%clk 00:27:37]} {[%emt 00:01:11]} 34. gxh5 {[%clk 00:59:02]} {[%emt
00:00:08]} Kf6 {[%clk 00:22:20]} {[%emt 00:05:46]} 35. Ne2 {[%clk 00:58:42]}
{[%emt 00:00:50]} Kg7 {[%clk 00:19:26]} {[%emt 00:03:24]} 36. Nf4 {[%clk
00:50:00]} {[%emt 00:09:12]} Bh1 {[%clk 00:17:25]} {[%emt 00:02:28]} 37. Ne6+
{[%clk 00:50:12]} {[%emt 00:00:20]} Kh6 {[%clk 00:17:51]} {[%emt 00:00:05]} 38.
Nxc5 {[%clk 00:50:37]} {[%emt 00:00:05]} Kxh5 {[%clk 00:18:14]} {[%emt
00:00:06]} 39. Kf4 {[%clk 00:50:53]} {[%emt 00:00:14]} Kxh4 {[%clk 00:18:32]}
{[%emt 00:00:12]} 40. Kxf5 {[%clk 00:51:11]} {[%emt 00:00:12]} Kg3 {[%clk
00:18:36]} {[%emt 00:00:26]} 41. Ke5 {[%clk 00:50:51]} {[%emt 00:00:50]} Kf2
{[%clk 00:18:33]} {[%emt 00:00:33]} 42. Kd6 {[%clk 00:48:30]} {[%emt 00:02:51]}
Ke3 {[%clk 00:18:30]} {[%emt 00:00:32]} 43. Kc7 {[%clk 00:48:17]} {[%emt
00:00:44]} Kd2 {[%emt 00:07:03]} 44. Nxb7 {[%clk 00:45:21]} {[%emt 00:00:02]}
Kc2 {[%clk 00:15:41]} {[%emt 00:00:10]} 45. b4 {[%clk 00:45:33]} {[%emt
00:00:19]} Kb3 {[%clk 00:15:18]} {[%emt 00:00:52]} 46. Kb8 {[%clk 00:45:36]}
{[%emt 00:00:27]} Kxa3 {[%clk 00:15:40]} {[%emt 00:00:08]} 47. b5 {[%clk
00:46:03]} {[%emt 00:00:04]} Bxb7 {[%clk 00:15:59]} {[%emt 00:00:10]} 48. Kxb7
{[%clk 00:46:25]} {[%emt 00:00:09]} Kb4 {[%clk 00:16:25]} {[%emt 00:00:03]} 49.
Kxa7 {[%clk 00:46:40]} {[%emt 00:00:14]} Kxb5 {[%clk 00:16:51]} {[%emt
00:00:04]}  1/2-1/2

[Event "26th 4NCL Congress"]
[Site "Woodland Grange, Leamington Spa"]
[Date "2021.09.12"]
[Round "4"]
[Board "7"]
[White "Villiers, Thomas"]
[Black "Okhai, Shabir"]
[Result "0-1"]
[WhiteElo "2299"]
[BlackElo "2215"]
[PlyCount "0"]
[EventDate "2021.09.10"]
[EventRounds "5"]
[EventCountry "ENG"]

1. Nf3 {[%clk 01:26:30]} {[%emt 00:04:29]} Nf6 {[%clk 01:30:49]} {[%emt
00:00:11]} 2. d4 {[%clk 01:26:37]} {[%emt 00:00:23]} g6 {[%clk 01:30:43]}
{[%emt 00:00:37]} 3. Bg5 {[%clk 01:25:00]} {[%emt 00:02:06]} Ne4 {[%clk
01:27:29]} {[%emt 00:03:44]} 4. Bf4 {[%clk 01:25:28]} {[%emt 00:00:01]} Bg7
{[%clk 01:26:00]} {[%emt 00:01:59]} 5. Nbd2 {[%clk 01:25:44]} {[%emt 00:00:14]}
f5 {[%clk 01:17:18]} {[%emt 00:09:13]} 6. e3 {[%clk 01:20:40]} {[%emt
00:05:34]} c5 {[%clk 01:04:04]} {[%emt 00:13:44]} 7. Bd3 {[%clk 01:19:21]}
{[%emt 00:01:49]} Nxd2 {[%clk 00:53:19]} {[%emt 00:11:16]} 8. Qxd2 {[%clk
01:19:34]} {[%emt 00:00:16]} Nc6 {[%clk 00:51:54]} {[%emt 00:01:55]} 9. c3
{[%clk 01:08:13]} {[%emt 00:11:51]} d6 {[%clk 00:44:08]} {[%emt 00:08:16]} 10.
d5 {[%clk 01:06:40]} {[%emt 00:02:03]} Ne5 {[%clk 00:42:38]} {[%emt 00:02:00]}
11. Be2 {[%clk 01:05:21]} {[%emt 00:01:50]} Nxf3+ {[%clk 00:42:29]} {[%emt
00:00:39]} 12. gxf3 {[%clk 01:04:53]} {[%emt 00:00:57]} Bd7 {[%clk 00:40:27]}
{[%emt 00:02:32]} 13. h4 {[%clk 01:01:57]} {[%emt 00:03:26]} Qa5 {[%clk
00:36:30]} {[%emt 00:04:28]} 14. h5 {[%clk 01:00:30]} {[%emt 00:01:56]} Bf6
{[%clk 00:33:11]} {[%emt 00:03:49]} 15. e4 {[%clk 00:53:03]} {[%emt 00:07:58]}
O-O-O {[%clk 00:29:30]} {[%emt 00:04:10]} 16. Bg5 {[%clk 00:53:05]} {[%emt
00:00:27]} Rde8 {[%clk 00:28:29]} {[%emt 00:01:32]} 17. a3 {[%clk 00:46:13]}
{[%emt 00:07:22]} Qa4 {[%clk 00:24:44]} {[%emt 00:04:15]} 18. Bd3 {[%clk
00:44:11]} {[%emt 00:02:32]} c4 {[%clk 00:22:25]} {[%emt 00:02:50]} 19. Bc2
{[%clk 00:44:30]} {[%emt 00:00:10]} Bxg5 {[%clk 00:22:33]} {[%emt 00:00:22]} 20.
Bxa4 {[%clk 00:40:46]} {[%emt 00:04:15]} Bxd2+ {[%clk 00:22:51]} {[%emt
00:00:12]} 21. Kxd2 {[%clk 00:41:11]} {[%emt 00:00:04]} Bxa4 {[%clk 00:23:13]}
{[%emt 00:00:08]} 22. Rag1 {[%clk 00:41:31]} {[%emt 00:00:09]} fxe4 {[%clk
00:22:10]} {[%emt 00:01:33]} 23. fxe4 {[%clk 00:41:52]} {[%emt 00:00:10]} Rhf8
{[%clk 00:22:19]} {[%emt 00:00:21]} 24. Ke3 {[%clk 00:41:36]} {[%emt 00:00:45]}
Rf6 {[%clk 00:22:17]} {[%emt 00:00:32]} 25. hxg6 {[%clk 00:39:26]} {[%emt
00:02:41]} Rxg6 {[%clk 00:20:44]} {[%emt 00:02:04]} 26. Rxg6 {[%clk 00:39:50]}
{[%emt 00:00:06]} hxg6 {[%clk 00:21:09]} {[%emt 00:00:05]} 27. Rh7 {[%clk
00:40:14]} {[%emt 00:00:05]} Kd8 {[%clk 00:21:26]} {[%emt 00:00:12]} 28. Rg7
{[%clk 00:40:40]} {[%emt 00:00:04]} Rh8 {[%clk 00:21:50]} {[%emt 00:00:07]} 29.
Rxg6 {[%clk 00:41:01]} {[%emt 00:00:10]} Rh1 {[%clk 00:22:04]} {[%emt
00:00:14]} 30. f4 {[%clk 00:40:17]} {[%emt 00:01:14]} Re1+ {[%clk 00:19:46]}
{[%emt 00:02:49]} 31. Kf3 {[%clk 00:40:46]} {[%emt 00:00:02]} Bd1+ {[%clk
00:19:53]} {[%emt 00:00:22]} 32. Kg2 {[%clk 00:40:47]} {[%emt 00:00:28]} Rxe4
{[%clk 00:20:11]} {[%emt 00:00:13]} 33. Rg8+ {[%clk 00:41:10]} {[%emt
00:00:07]} Kc7 {[%clk 00:20:22]} {[%emt 00:00:18]} 34. Kg3 {[%clk 00:41:35]}
{[%emt 00:00:06]} Re1 {[%clk 00:20:15]} {[%emt 00:00:37]} 35. Kf2 {[%clk
00:42:03]} {[%emt 00:00:02]} Re2+ {[%clk 00:20:35]} {[%emt 00:00:10]} 36. Kf3
{[%clk 00:42:23]} {[%emt 00:00:10]} Rxb2+ {[%clk 00:20:55]} {[%emt 00:00:10]}
37. Ke4 {[%clk 00:42:48]} {[%emt 00:00:05]} Re2+ {[%clk 00:20:57]} {[%emt
00:00:27]} 38. Kd4 {[%clk 00:43:14]} {[%emt 00:00:05]} b5 {[%clk 00:21:09]}
{[%emt 00:00:19]} 39. f5 {[%clk 00:43:23]} {[%emt 00:00:21]} Bc2 {[%clk
00:21:32]} {[%emt 00:00:07]} 40. f6 {[%clk 00:43:27]} {[%emt 00:00:26]} Re4#
{[%clk 00:21:56]} {[%emt 00:00:05]}  0-1